00331nam a2200145Ia 4500008004100000041000800041082000800049100002000057245004400077250000900121260002000130300000800150542001500158650001200173220531s9999 xx 000 0 und d aeng bTHO aThorat ,. Ashok aDiscourse Analysis Of Five Indian Novel a20th bMacmillanc2002 a195 d31-03-2006 aEnglish